| 000 | 01451aam a2200385 i 4500 | ||
|---|---|---|---|
| 001 | 013595863 | ||
| 003 | EG-ScBUE | ||
| 005 | 20250728104552.0 | ||
| 008 | 061027t2007 enka f bd 001 0 eng d | ||
| 020 | _a9780470859032 (pbk.) | ||
| 020 | _a0470859032 (pbk.) | ||
| 040 |
_aStDuBDS _beng _erda _cStDuBDS _dUk _dEG-ScBUE |
||
| 041 | 1 |
_aeng _hfre |
|
| 082 | 0 | 4 |
_a543 _222 _bROU |
| 100 | 1 |
_aRouessac, Francis, _eauthor. _926915 |
|
| 240 | 1 | 0 |
_aAnalyse chimique. _lEnglish |
| 245 | 1 | 0 |
_aChemical analysis : _bmodern instrumentation methods and techniques / _cFrancis Rouessac and Annick Rouessac, University of le mans, France ; translated by Francis and Annick Rouessac and Steve Brooks. |
| 250 | _aSecond ediion. | ||
| 264 | 1 |
_aEngland, Unites Kingdom : _bJohn Wiley & Sons, Ltd., _c[2007] |
|
| 264 | 4 | _cc2007 | |
| 300 |
_axxiii, 574 pages : _billustrations ; _c26 cm |
||
| 336 |
_2rdacontent _atext _btxt |
||
| 337 |
_aunmediated _2rdamedia _bn |
||
| 338 |
_avolume _bnc _2rdacarrier |
||
| 500 | _aIncludes glossary. | ||
| 504 | _aIncludes bibliographical references and index. | ||
| 546 | _aText in English ; translated from the original French language. | ||
| 650 | 7 |
_aInstrumental analysis. _2BUEsh _926916 |
|
| 653 |
_bPPhrm _cMarch2014 |
||
| 655 |
_vReading book _933728 |
||
| 700 | 1 |
_aRouessac, Annick, _eauthor. _926917 |
|
| 700 | 1 |
_aFrancis _935683 _etranslator. |
|
| 700 | 1 |
_aBrooks, Steve, _etranslator. _935684 |
|
| 942 |
_2ddc _cBB |
||
| 999 |
_c18120 _d18092 |
||